| 000 -LEADER |
| fixed length control field |
01137nam a2200289Ia 4500 |
| 001 - CONTROL NUMBER |
| control field |
18355 |
| 003 - CONTROL NUMBER IDENTIFIER |
| control field |
GE_BSU |
| 008 - FIXED-LENGTH DATA ELEMENTS--GENERAL INFORMATION |
| fixed length control field |
181216s||||||||xx |||||||||||||| ||und|| |
| 020 ## - INTERNATIONAL STANDARD BOOK NUMBER |
| International Standard Book Number |
978-9941-9406-6-8 |
| 040 ## - CATALOGING SOURCE |
| Transcribing agency |
GE_BSU |
| 080 ## - UNIVERSAL DECIMAL CLASSIFICATION NUMBER |
| Universal Decimal Classification number |
32.001(075.8) + 34.01(042.4) |
| 100 ## - MAIN ENTRY--PERSONAL NAME |
| Personal name |
მეტრეველი, ვ., დავითაშვილი, გ. |
| 245 ## - TITLE STATEMENT |
| Title |
პოლიტიკურ და სამართლებრივ მოძღვრებათა ისტორია |
| 245 ## - TITLE STATEMENT |
| Remainder of title |
ლექციების კურსი |
| 245 ## - TITLE STATEMENT |
| Statement of responsibility, etc. |
რედ. ვ. მეტრეველი |
| 250 ## - EDITION STATEMENT |
| Edition statement |
მე-2 გამოცემა |
| 260 ## - PUBLICATION, DISTRIBUTION, ETC. |
| Place of publication, distribution, etc. |
თბილისი |
| 260 ## - PUBLICATION, DISTRIBUTION, ETC. |
| Name of publisher, distributor, etc. |
იურისტების სამყარო |
| 260 ## - PUBLICATION, DISTRIBUTION, ETC. |
| Date of publication, distribution, etc. |
2015 |
| 300 ## - PHYSICAL DESCRIPTION |
| Extent |
461 გვ. ; 20 სმ |
| 300 ## - PHYSICAL DESCRIPTION |
| Accompanying material |
ბიბლ.გვ.459-460 |
| 653 ## - INDEX TERM--UNCONTROLLED |
| Uncontrolled term |
პოლიტიკა |
| 653 ## - INDEX TERM--UNCONTROLLED |
| Uncontrolled term |
პოლიტიკურ და სამართლებრივ მოძღვრებათა ისტორია |
| 653 ## - INDEX TERM--UNCONTROLLED |
| Uncontrolled term |
სამართალი |
| 942 ## - ADDED ENTRY ELEMENTS (KOHA) |
| Koha item type |
წიგნი |